Elements of partial differential equations

Αποθηκεύτηκε σε:
Λεπτομέρειες βιβλιογραφικής εγγραφής
Κύριος συγγραφέας: Sneddon, Ian Naismith
Μορφή: Βιβλίο
Γλώσσα:English
Δημοσίευση: Mineola, New York : Dover Publications, Inc., [2006, 1957]
Θέματα:
Ετικέτες: Προσθήκη ετικέτας
Δεν υπάρχουν, Καταχωρήστε ετικέτα πρώτοι!

MARC

LEADER 00000cam a2200000 i 4500
001 1/44554
008 070518s2006 eng d
020 |a 0-486-45297-2 (pbk.) 
035 |l 10087888 
040 |a GR-MY-UA  |b gre  |e aacr 
041 0 |a eng 
082 0 |a 515.353  |2 (22) 
100 1 |a Sneddon, Ian Naismith. 
245 1 0 |a Elements of partial differential equations /  |c Ian N. Sneddon 
260 |a Mineola, New York :   |b Dover Publications, Inc.,   |c [2006, 1957] 
300 |a vii, 327 σ.;  |b διαγρ.;  |c 22 εκ. 
500 |a Πρωτότυπη έκδοση: New York: McGraw-Hill, 1957 
504 |a Περιέχει ευρετήριο 
650 0 0 |a Differential equations, Partial. 
852 |a INST  |b LESVOS  |e 20070518  |h 515.353 SNE  |p 005100038376  |q 005100038376  |t BK  |y 0 
901 |a BIBL1-2007-2 
970 |a ΒΑΡΚΑ  |b ΕΛΕΥΘΕΡΙΑ  |z 2007/05/18